000 00539cam a22001934a 4500
005 20250605164311.0
008 250528s ||||||||||||||||||||||||d
035 _a22495
020 _a9789603602439
040 _aGR-AtMCL
_bgre
_dGR-AtMCL
_eAACR2
245 1 _aΤΟ ΠΑΙΔΙ Η ΟΙΚΟΓΕΝΕΙΑ ΤΟ ΣΧΟΛΕΙΟ / Η ΕΚΠΑΙΔΕΥΣΗ ΣΗΜΕΡΑ-ΑΥΡΙΟ
250 _a1
260 _bΠατάκης,
_c1993
300 _a267
700 1 _aChiland Collete
_98312
942 _cBK
999 _c7547
_d7547